书目信息 |
| 题名: |
财富创造者
|
|
| 作者: | 罗麦士 著 ;颜斯华 译 | |
| 分册: | ||
| 出版信息: | 北京 中国工人出版社 1992.9 |
|
| 页数: | 178页 | |
| 开本: | 19cm | |
| 丛书名: | 企业家实战系列丛书 | |
| 单 册: | ||
| 中图分类: | F279.1 | |
| 科图分类: | 29.15041 | |
| 主题词: | 企业管理--经验--世界 | |
| 电子资源: | ||
| ISBN: | 7-5008-1248-5 | |
| 000 | 01036nam2 2200301 45 | |
| 001 | 0193019275 | |
| 005 | 20070721091504.21 | |
| 010 | @a7-5008-1248-5@dCNY4.00 | |
| 100 | @a19800101d1992 em y0chiy0121 ea | |
| 101 | 1 | @achi@ceng |
| 102 | @aCN@b110000 | |
| 105 | @ay z 000yd | |
| 200 | 10 | @a财富创造者@ACAI FU CHUANG ZAO ZHE@f(美)罗麦士著@F( MEI ) LUO MAI SHI ZHU@g颜斯华译 |
| 210 | @a北京@c中国工人出版社@d1992.9 | |
| 215 | @a178页@d19cm | |
| 225 | 2 | @a企业家实战系列丛书@f文 硕,张国有主编 |
| 300 | @a据台湾卓越出版社授权独家出版 | |
| 314 | @a大卫·罗麦士,英国国家广播公司任职 | |
| 330 | @a本书以《意大利的无冕王》、《神秘的石油大亨》、《日本的超级推销员》等为题描写了6位企业巨子创造财富的过程。 | |
| 410 | 0 | @120010@a企业家实战系列丛书 |
| 540 | 1 | @a财富 创造者@ACAI FU CHUANG ZAO ZHE |
| 606 | @a企业管理@x经验@y世界 | |
| 690 | @aF279.1@v三版 | |
| 692 | @a29.15041 | |
| 701 | 1 | @a罗麦士@ALUO MAI SHI@b大卫@4著 |
| 702 | 0 | @a颜斯华@AYAN SI HUA@4译 |
| 801 | 0 | @aCN@bTSSF@c20070721 |
| 905 | @a10447@dF279.1@e592 | |
| 财富创造者/(美)罗麦士著/颜斯华译.-北京:中国工人出版社,1992.9 |
| 178页;19cm.-(企业家实战系列丛书/文 硕,张国有主编) |
| 据台湾卓越出版社授权独家出版 |
| ISBN 7-5008-1248-5:CNY4.00 |
| 本书以《意大利的无冕王》、《神秘的石油大亨》、《日本的超级推销员》等为题描写了6位企业巨子创造财富的过程。 |
| ● |
| 相关链接 |
|
|
|
|
正题名:财富创造者
索取号:F279.1/592
 
预约/预借
| 序号 | 登录号 | 条形码 | 馆藏地/架位号 | 状态 | 备注 |
| 1 | 0770041 | 207700415 | 第一样本阅览室/ [索取号:F279.1/592] | 在馆 |